Velká obrazová encyklopedie rybaření

Bibliographic Details
Other Authors: Cibulka, Jiří (Translator), Hudeček, Jiří (Translator), Polenská, Eva, 1962- (Translator)
Format: Book
Language:Czech
PhysicalDescription:288 s. 29 cm
Published: Praha Cesty 1999
ISBN:807181265X
Edition:3. oprav. vyd.
Subjects:

MARC

LEADER 00000nam a2200000 a 4500
001 vtls001375280
003 SK-MaSNL
005 20260301071018.0
008 240226s1999 xr af r y cze
020 |a 807181265X  |c b.c. 
035 |a SNK000329183 
035 |a urn:nbn:sk:snk-amyhlq 
035 |a urn:nbn:sk:snk-am00ckob 
035 |a 05E6F81E-1EB5-4F12-A77B-B6DA7DC41F6E 
040 |a SNK  |b slo  |c SNK  |e AACR2 
041 0 |a cze 
044 |a CZ 
080 |a 639.2(084.12)  |2 1981 
245 0 |a Velká obrazová encyklopedie rybaření  |c [z anglického originálu přeložili Jiří Cibulka, Jiří Hudeček a Eva Polenská] 
250 |a 3. oprav. vyd. 
260 |a Praha  |b Cesty  |c 1999  |e Martin  |f Neografia 
300 |a 288 s.  |c 29 cm 
500 |a Vyd. Ottovo nakl., Praha 
650 0 7 |a rybárstvo  |x technika  |x state a fotografie  |2 SNK  |9 388124 
700 1 |a Cibulka, Jiří  |4 trl  |9 291209 
700 1 |a Hudeček, Jiří  |4 trl  |9 388125 
700 1 |a Polenská, Eva,  |d 1962-  |4 trl  |9 62306 
919 |a 80-7181-265-X 
999 |c 636323  |d 638253 
952 |t P60, <03>, [BOOK], {603}  |a SNK  |b SNK  |y PREZ  |7 0  |p 17A0214806  |o snkSB 60926  |i snkKSP 10479/99  |0 0  |1 0  |4 0  |d 2000-02-04  |f 1  |l 0  |r 2025-04-11 00:00:00  |w 2026-02-23 
952 |a SNK  |b SNK  |y VYP  |7 0  |p 17A0508959  |o snkSB 60926 D1  |i snk2006/10549  |8 1  |0 0  |1 0  |4 0  |d 2006-05-26  |l 0  |r 2026-02-23 17:38:30  |w 2026-02-23